Normal view
MARC view
Entry Topical Term
001 - CONTROL NUMBER
- control field: 13080
003 - CONTROL NUMBER IDENTIFIER
- control field: BD-RjUL
005 - DATE AND TIME OF LATEST TRANSACTION
- control field: 20240520105733.0
008 - FIXED-LENGTH DATA ELEMENTS
- fixed length control field: 240520|| aca||aabn | a|a d
040 ## - CATALOGING SOURCE
- Original cataloging agency: BD-RjUL
- Transcribing agency: BD-RjUL
150 ## - HEADING--TOPICAL TERM
- Topical term or geographic name entry element: Arthropoda
- Form subdivision: Homoptera
670 ## - SOURCE DATA FOUND
- Source citation: Work cat.: (BD-RjUL)83779: Karim, K. N. Shahjahan 13079, Bio-Ecology of Aphis Gossyphglov. (Homoptera : Aphididae) Infesting Brinjal Plant at Rajshahi, Bangladesh /, 1997